| 000 | 00538nam a2200181Ia 4500 | ||
|---|---|---|---|
| 008 | 090123s9999 xx 000 0 und d | ||
| 082 |
_b769 _a891.463/पाटणकर |
||
| 100 | _aपाटणकर ना.वि. | ||
| 245 | _aऋणानुबंध | ||
| 250 | _a1 | ||
| 260 | _bकुलकर्णी अ.अ. | ||
| 300 | _a280 | ||
| 600 | _aपाटणकर ना.वि. | ||
| 630 | _aऋणानुबंध | ||
| 700 | _aपाटणकर ना.वि. | ||
| 730 | _aऋणानुबंध | ||
| 942 | _cBOOK | ||
| 999 |
_c38856 _d38856 |
||